000 00470nam a2200181Ia 4500
003 GCL
008 140319s9999 xx 000 0 eng d
040 _aGCL /
_cGCL
082 0 4 _a759
_bC P
100 1 _aCHEVALIER, DENYS
245 1 0 _aPICASSO: EPOQUES BLEUE ET ROSE /
_cCHEVALIER, DENYS
260 _a[S.N] :
_bFLAMMARION ،
_c1991
300 _a96
650 0 4 _aPAINTING
650 0 4 _aPICASSO, PABLO, 1881 - 1973
650 0 4 _aSPAIN - PAINTERS
942 _2ddc
_cBK
999 _c17008
_d17008